Dôchodková reforma v Taliansku
Príčiny a podstata existujúcej dôchodkovej reformy v Taliansku (od roku 1992). Jej význam pre Taliansko a celú eurozónu.
Saved in:
| Main Author: | |
|---|---|
| Other Authors: | |
| Format: | Book Chapter |
| Language: | Slovak |
| Subjects: | |
| Tags: |
No Tags, Be the first to tag this record!
|
MARC
| LEADER | 00000nla$a2200000$$$4500 | ||
|---|---|---|---|
| 001 | 0246981 | ||
| 005 | 20240604111134.0 | ||
| 041 | 0 | |a slo | |
| 044 | |a CZ | ||
| 245 | 1 | 0 | |a Dôchodková reforma v Taliansku |c Karol Trnovský, Ján Toma |
| 520 | |a Príčiny a podstata existujúcej dôchodkovej reformy v Taliansku (od roku 1992). Jej význam pre Taliansko a celú eurozónu. | ||
| 610 | 2 | 0 | |a dôchodky |
| 610 | 2 | 0 | |a politika dôchodková |
| 610 | 2 | 0 | |a systémy dôchodkové |
| 610 | 2 | 0 | |a reformy dôchodkové |
| 610 | 2 | 0 | |a migrácia |
| 610 | 2 | 0 | |a eurozóna |
| 610 | 2 | 0 | |a Taliansko |
| 100 | 1 | |a Trnovský, Karol, 1983- | |
| 700 | 1 | |a Toma, Ján | |